[Event "AUTO-OPEN-4616"]
[Site "http://www.queenalice.com/game.php?id=1863484"]
[Date "2025.9.27"]
[Round "1"]
[White "peonaislado"]
[Black "Takeda"]
[Result "0-1"]
[WhiteElo "1758"]
[BlackElo "2075"]

1. d4 g6 2. Nf3 Bg7 3. e3 d6 4. Nc3 Nf6 5. Bd3 O-O 6. O-O Bg4 7. h3 Bd7 8. a3 c5
9. b4 cxd4 10. exd4 d5 11. b5 a6 12. a4 axb5 13. Nxb5 Nc6 14. c3 Na5 15. Re1 Nc4
16. Bxc4 dxc4 17. Qe2 Bxb5 18. Qxe7 Bc6 19. Qxd8 Raxd8 20. Ba3 Rfe8 21. Ne5 Bd5
22. Rab1 Ne4 23. f3 Nxc3 24. Rxb7 Bxb7 0-1

[Event "AUTO-OPEN-4620"]
[Site "http://www.queenalice.com/game.php?id=1864505"]
[Date "2025.10.19"]
[Round "1"]
[White "Eder_Dionatan_Silva_Machado"]
[Black "peonaislado"]
[Result "0-1"]
[WhiteElo "1697"]
[BlackElo "1752"]

1. e4 e5 2. Nf3 Nf6 3. Nc3 d6 4. d4 Nbd7 5. Bg5 Be7 6. Qd2 h6 7. Bh4 O-O 8.
O-O-O d5 9. Bd3 a6 10. exd5 b5 11. dxe5 Nxd5 12. Nxd5 Bxh4 13. Rhe1 Bb7 14. Be4
Bg5 15. Ne3 Bxe4 16. Nxg5 hxg5 17. Qxd7 Qc8 18. Qd4 Bg6 19. h4 c5 20. Qd5 Rd8
21. e6 Rxd5 22. Nxd5 Qc6 23. e7 f6 24. hxg5 fxg5 25. Nb6 Re8 26. Rd8 Qxb6 27.
Rxe8+ Bxe8 28. g3 Qa5 29. Re2 Qxa2 30. b3 c4 31. bxc4 Qxc4 32. Kd2 g4 33. c3 b4
34. cxb4 Qa2+ 35. Ke3 Qb3+ 36. Kf4 Qf3+ 37. Kg5 Qf6+ 38. Kxg4 Bd7+ 39. Kh5 Qh6#
0-1

[Event "AUTO-OPEN-4620"]
[Site "http://www.queenalice.com/game.php?id=1864506"]
[Date "2025.10.19"]
[Round "1"]
[White "peonaislado"]
[Black "Eder_Dionatan_Silva_Machado"]
[Result "1-0"]
[WhiteElo "1729"]
[BlackElo "1422"]

1. e4 e5 2. Nf3 Nc6 3. Bb5 a6 4. Ba4 Nf6 5. O-O b5 6. Bb3 Be7 7. d3 O-O 8. Nc3
d6 9. Re1 Bg4 10. h3 Bxf3 11. Qxf3 Nd4 12. Qg3 d5 13. exd5 Nf5 14. Qf3 Nd4 15.
Qe3 Nxb3 16. axb3 Nxd5 17. Qxe5 Nxc3 18. bxc3 Bf6 19. Qc5 Qd6 20. Qxd6 cxd6 21.
Ba3 Bxc3 22. Bxd6 Bxe1 23. Bxf8 Kxf8 24. Rxe1 a5 25. Kf1 a4 26. bxa4 bxa4 27. c4
a3 28. Ra1 a2 29. Ke2 h5 30. g4 hxg4 31. hxg4 g5 32. Ke3 f5 33. f4 fxg4 34. fxg5
g3 35. Kf3 Ra3 36. Kxg3 Rxd3+ 37. Kg4 Rd4+ 38. Kf5 Rxc4 39. Rxa2 Rc5+ 40. Kf6
Ke8 41. Ra8+ Kd7 42. g6 Rc4 43. Ra7+ Rc7 44. Rxc7+ Kxc7 45. Kf7 1-0

[Event "AUTO-OPEN-4620"]
[Site "http://www.queenalice.com/game.php?id=1864529"]
[Date "2025.10.19"]
[Round "1"]
[White "peonaislado"]
[Black "Capixabba789"]
[Result "1-0"]
[WhiteElo "1758"]
[BlackElo "1839"]

1. d4 d5 2. c4 Nf6 3. Nf3 dxc4 4. e3 e6 5. Bxc4 Be7 6. Nc3 O-O 7. O-O Nbd7 8. h3
Nb6 9. Bd3 Nbd5 10. Nxd5 Nxd5 11. e4 Nf6 12. e5 Nd5 13. Qc2 f5 14. exf6 Bxf6 15.
Bxh7+ Kf7 16. Ne5+ Bxe5 17. Bg6+ Ke7 18. Bg5+ Bf6 19. Bxf6+ gxf6 20. Rfe1 c6 21.
Bf5 Kd6 22. Qc5+ Kc7 23. Bxe6 Bxe6 24. Rxe6 Qd7 25. Rae1 Rf7 26. Qa5+ b6 27. Qa6
Re7 28. Rxe7 Nxe7 29. Re4 f5 30. Re1 Nd5 31. Re5 Nb4 32. Qa3 a5 33. Qf3 Re8 34.
a3 Nd5 35. h4 Rxe5 36. dxe5 Qe6 37. Qe2 Nf4 38. Qa6 Qc8 39. Qa7+ Qb7 40. Qxb7+
Kxb7 41. Kh2 Kc7 42. Kg3 Nh5+ 43. Kf3 Kd7 44. g4 fxg4+ 45. Kxg4 Ng7 46. f4 Ke6
47. h5 c5 48. h6 Nf5 49. Kg5 Nxh6 50. Kxh6 c4 51. Kg6 b5 52. f5+ 1-0

[Event "AUTO-OPEN-4620"]
[Site "http://www.queenalice.com/game.php?id=1864530"]
[Date "2025.10.19"]
[Round "1"]
[White "Capixabba789"]
[Black "peonaislado"]
[Result "1-0"]
[WhiteElo "1951"]
[BlackElo "1765"]

1. d4 d5 2. Nc3 Nf6 3. f4 Nc6 4. Nf3 Bg4 5. a3 e6 6. e3 Bxf3 7. Qxf3 Bd6 8. Bd3
O-O 9. O-O Ne7 10. Bd2 Nf5 11. e4 Nxd4 12. Qg3 Nxc2 13. Bxc2 Bc5+ 14. Kh1 d4 15.
Na2 Qd6 16. e5 Nh5 17. Qh3 Nxf4 18. Qxh7# 1-0

[Event "AUTO-ADV-4904"]
[Site "http://www.queenalice.com/game.php?id=1865718"]
[Date "2025.11.18"]
[Round "1"]
[White "Pipo712"]
[Black "peonaislado"]
[Result "1-0"]
[WhiteElo "2066"]
[BlackElo "1760"]

1. e4 e5 2. Nf3 Nc6 3. Bb5 a6 4. Ba4 b5 5. Bb3 Bc5 6. c3 Nf6 7. d3 h6 8. O-O O-O
9. a4 b4 10. h3 a5 11. Nxe5 Nxe5 12. d4 Nd3 13. Qxd3 Bb6 14. e5 Ne8 15. Qg3 d6
16. Bxh6 Bf5 17. Nd2 dxe5 18. dxe5 Bg6 19. Qxg6 1-0

[Event "AUTO-ADV-4904"]
[Site "http://www.queenalice.com/game.php?id=1865719"]
[Date "2025.11.18"]
[Round "1"]
[White "peonaislado"]
[Black "Pipo712"]
[Result "0-1"]
[WhiteElo "1756"]
[BlackElo "2066"]

1. d4 d5 2. c4 c6 3. Nf3 Nf6 4. Nc3 dxc4 5. a4 Bf5 6. e3 e6 7. Bxc4 Nbd7 8. O-O
Be7 9. Re1 Bg6 10. Rb1 O-O 11. b4 a6 12. Ra1 Bxb4 13. Bd2 Qe7 14. e4 Bxc3 15.
Bxc3 Nxe4 16. Bd3 Nxc3 17. Qd2 Nd5 18. Bc2 Bxc2 19. Qxc2 Nb4 20. Qb3 a5 21. Rad1
Rfd8 22. Ng5 Qxg5 0-1

[Event "AUTO-ADV-4904"]
[Site "http://www.queenalice.com/game.php?id=1865734"]
[Date "2025.11.18"]
[Round "1"]
[White "peonaislado"]
[Black "chessman"]
[Result "0-1"]
[WhiteElo "1766"]
[BlackElo "1964"]

1. d4 d5 2. c4 c6 3. e3 Nf6 4. Nf3 e6 5. Nc3 Be7 6. Bd3 O-O 7. O-O Re8 8. h3
Nbd7 9. b3 Nf8 10. Re1 a6 11. c5 N6d7 12. Qc2 Bf6 13. e4 dxe4 14. Bxe4 Qc7 15.
Na4 Rd8 16. Be3 h6 17. Rab1 a5 18. Nd2 Nb8 19. Nb6 Ra7 20. Ndc4 Nbd7 21. Nd6 Ra6
22. Bd3 Nxb6 23. Bxa6 bxa6 24. Qd2 Nd5 25. a3 Be7 26. Nxc8 Rxc8 27. Qd3 Ra8 28.
a4 Nb4 29. Qe4 Bf6 30. Qf4 Qxf4 31. Bxf4 Bxd4 32. Bc7 Bxc5 33. Bxa5 Ng6 34. Bc7
Rc8 35. Bg3 Bd4 36. Bd6 Nd5 37. Bc5 Bf6 38. g3 Bc3 39. Red1 Bf6 40. b4 Nc3 0-1

[Event "AUTO-ADV-4904"]
[Site "http://www.queenalice.com/game.php?id=1865735"]
[Date "2025.11.18"]
[Round "1"]
[White "chessman"]
[Black "peonaislado"]
[Result "1/2-1/2"]
[WhiteElo "1957"]
[BlackElo "1758"]

1. e4 e5 2. Nf3 d6 3. d4 exd4 4. Nxd4 Nf6 5. Nc3 Be7 6. Be2 O-O 7. O-O a6 8. a4
c5 9. Nf3 Nc6 10. Re1 Bd7 11. h3 Ne5 12. Nxe5 dxe5 13. Be3 Bc6 14. Qxd8 Raxd8
15. Rad1 Rxd1 16. Rxd1 Nxe4 17. Nxe4 Bxe4 18. c4 Bc2 19. Ra1 e4 20. a5 Bf6 21.
Bxc5 Re8 22. Rc1 Bd3 23. Bf1 Bxb2 24. Re1 Bxf1 25. Kxf1 f5 26. Bb6 Bc3 27. Rd1
Kf7 28. Rc1 Be5 29. c5 Ke6 30. c6 bxc6 31. Rxc6+ Bd6 32. Bc5 Kd5 33. Rxd6+ Kxc5
34. Rxa6 Kb5 35. Ra7 Rc8 36. Rxg7 f4 37. Rxh7 Rc1+ 38. Ke2 Rc2+ 39. Ke1 Kxa5 40.
Rf7 Rc1+ 41. Ke2 Rc2+ 1/2-1/2

[Event "AUTO-ADV-4904"]
[Site "http://www.queenalice.com/game.php?id=1865736"]
[Date "2025.11.18"]
[Round "1"]
[White "peonaislado"]
[Black "Capixaba789"]
[Result "0-1"]
[WhiteElo "1755"]
[BlackElo "1868"]

1. e4 e5 2. Nf3 Nf6 3. Nc3 d6 4. Bb5+ c6 5. Ba4 Be7 6. O-O a5 7. d3 b5 8. Bb3 a4
9. Bxf7+ Kxf7 10. Ng5+ Kf8 11. Qh5 Nxh5 0-1

[Event "AUTO-ADV-4904"]
[Site "http://www.queenalice.com/game.php?id=1865737"]
[Date "2025.11.18"]
[Round "1"]
[White "Capixaba789"]
[Black "peonaislado"]
[Result "1-0"]
[WhiteElo "1756"]
[BlackElo "1777"]

1. d4 d5 2. Nc3 Nf6 3. f4 Nc6 4. Nf3 Bg4 5. e3 Ne4 6. Be2 Nxc3 7. bxc3 Na5 8.
O-O Nc4 9. a4 e6 10. Ne5 Nxe5 11. fxe5 Bxe2 12. Qxe2 Be7 13. Ba3 O-O 14. Bb2 f6
15. exf6 Bxf6 16. Ba3 Re8 17. Qf3 Be7 18. Qg4 Bxa3 19. Rxa3 c6 20. Raa1 Rf8 21.
Qxe6+ Kh8 22. Rxf8+ Qxf8 23. Rf1 Qe8 24. Qxe8+ Rxe8 25. Re1 h6 26. g3 a5 27. h4
g5 28. hxg5 hxg5 29. g4 Re4 30. Kg2 Rxg4+ 31. Kf3 Rh4 32. Rb1 g4+ 33. Kg3 Rh3+
34. Kxg4 Rxe3 35. Rxb7 Rxc3 36. Ra7 Rxc2 37. Rxa5 Rc4 38. Kf5 Rxd4 39. Kg6 Kg8
40. Ra8# 1-0

[Event "AUTO-OPEN-4630"]
[Site "http://www.queenalice.com/game.php?id=1866974"]
[Date "2025.12.13"]
[Round "1"]
[White "peonaislado"]
[Black "mennecy91"]
[Result "0-1"]
[WhiteElo "1766"]
[BlackElo "2077"]

1. e4 c5 2. Nc3 Nc6 3. Nf3 g6 4. Bb5 Bg7 5. b3 Nf6 6. d3 O-O 7. O-O d5 8. Re1
dxe4 9. Bxc6 bxc6 10. Nxe4 Nxe4 11. dxe4 Qxd1 12. Rxd1 Bxa1 13. Bh6 Bg7 14. Be3
Bg4 15. Bxc5 Bxf3 16. gxf3 Rfd8 17. Re1 e6 18. Be7 Rd2 19. Rc1 Bd4 0-1

[Event "AUTO-OPEN-4630"]
[Site "http://www.queenalice.com/game.php?id=1866978"]
[Date "2025.12.13"]
[Round "1"]
[White "peonaislado"]
[Black "Eder_Dionatan_Silva_Machado"]
[Result "1-0"]
[WhiteElo "1721"]
[BlackElo "1430"]

1. e4 e5 2. Nf3 Nc6 3. Bb5 a6 4. Ba4 d5 5. d3 Bg4 6. exd5 Qxd5 7. c4 Qa5+ 8. Bd2
Qc5 9. Be3 Qb4+ 10. Qd2 Bxf3 11. Qxb4 Bxb4+ 12. Bd2 Rd8 13. gxf3 Rxd3 14. a3
Rxf3 15. axb4 b5 16. Bd1 bxc4 17. Bxf3 1-0

[Event "AUTO-OPEN-4630"]
[Site "http://www.queenalice.com/game.php?id=1866979"]
[Date "2025.12.13"]
[Round "1"]
[White "Eder_Dionatan_Silva_Machado"]
[Black "peonaislado"]
[Result "0-1"]
[WhiteElo "1426"]
[BlackElo "1725"]

1. e4 e5 2. Nf3 Nc6 3. Nc3 Nf6 4. Bb5 Bb4 5. Na4 Nxe4 6. O-O Nf6 7. Nxe5 Nxe5 8.
c3 Bd6 9. d4 c6 10. Be2 Ng6 11. Bg5 O-O 12. Bxf6 Qxf6 13. Rc1 Bf4 14. Rc2 d5 15.
Nc5 b6 16. Nd3 Ba6 0-1

[Event "AUTO-OPEN-4632"]
[Site "http://www.queenalice.com/game.php?id=1867439"]
[Date "2025.12.29"]
[Round "1"]
[White "peonaislado"]
[Black "Mistakesrme"]
[Result "0-1"]
[WhiteElo "1762"]
[BlackElo "1990"]

1. d4 e6 2. c4 f5 3. Nc3 Nf6 4. Nf3 Be7 5. e3 O-O 6. Bd3 b6 7. a3 Bb7 8. b4 a5
9. bxa5 Rxa5 10. O-O Qe8 11. Re1 Qh5 12. Be2 Ng4 13. h3 Bd6 14. hxg4 fxg4 15.
Nh2 Qxh2+ 0-1

[Event "AUTO-OPEN-4632"]
[Site "http://www.queenalice.com/game.php?id=1867440"]
[Date "2025.12.29"]
[Round "1"]
[White "Mistakesrme"]
[Black "peonaislado"]
[Result "1-0"]
[WhiteElo "2032"]
[BlackElo "1735"]

1. c4 e5 2. g3 Nf6 3. Bg2 Nc6 4. Nc3 Bc5 5. e3 d6 6. Nf3 Bg4 7. h3 Bxf3 8. Bxf3
O-O 9. d4 exd4 10. Bxc6 dxc3 11. Bg2 c6 12. bxc3 Qd7 13. O-O Rfe8 14. Qc2 a5 15.
a4 b6 16. Ba3 Bxa3 17. Rxa3 Qe6 18. Bxc6 Qxc4 19. Bxa8 Rxa8 20. Rd1 d5 21. Rd4
Qc5 22. Rb3 Rb8 23. Rb5 Qc6 24. Qd3 Rd8 25. c4 Kf8 26. cxd5 1-0

[Event "AUTO-OPEN-4632"]
[Site "http://www.queenalice.com/game.php?id=1867441"]
[Date "2025.12.29"]
[Round "1"]
[White "peonaislado"]
[Black "Capixaba789"]
[Result "0-1"]
[WhiteElo "1745"]
[BlackElo "1891"]

1. d4 d5 2. c4 dxc4 3. Nc3 e6 4. e4 Nf6 5. Bg5 Be7 6. Bxc4 O-O 7. Nf3 c6 8. O-O
b5 9. Bb3 a5 10. e5 Nd5 11. Bxe7 Qxe7 12. Qd2 Na6 13. Nxd5 exd5 14. Bc2 Nc7 15.
Rfe1 Bg4 16. Qd3 g6 17. Qe2 Ne6 18. Rad1 Ng5 19. h3 Nxf3+ 20. gxf3 Bxh3 21. f4
Qe6 22. Rd3 Bg4 23. f3 Bf5 24. Rdd1 a4 25. Bxf5 Qxf5 26. Qh2 Rfe8 27. Kg2 Qc2+
28. Kg3 Qxh2+ 29. Kxh2 h5 30. Kh3 Rac8 31. Kh4 Kg7 32. Rg1 Kh6 33. f5 Rg8 34.
fxg6 fxg6 35. f4 Rgf8 36. Rdf1 Rf5 37. Rg5 Rcf8 0-1

[Event "AUTO-OPEN-4632"]
[Site "http://www.queenalice.com/game.php?id=1867442"]
[Date "2025.12.29"]
[Round "1"]
[White "Capixaba789"]
[Black "peonaislado"]
[Result "1-0"]
[WhiteElo "1945"]
[BlackElo "1753"]

1. e4 e5 2. Bc4 Nf6 3. Nf3 Nc6 4. d4 exd4 5. Ng5 d5 6. exd5 Bb4+ 7. Kf1 h6 8.
Nxf7 Kxf7 9. dxc6+ Be6 10. Bxe6+ Kxe6 11. cxb7 Rb8 12. Bd2 Rxb7 13. Qf3 Rb8 14.
Bf4 Rf8 15. Nd2 Kf7 16. Nc4 Kg8 17. Ne5 Rb6 18. Qg3 Nh5 19. Qb3+ Kh8 20. Nf7+
Rxf7 21. Qxf7 Nxf4 22. Qxf4 Be7 23. Rb1 Bg5 24. Qe4 Rf6 25. h4 Bd2 26. Rh3 c5
27. Rf3 Ra6 28. a3 Qb8 29. Rf7 Rxa3 30. Qe7 Qh2 31. Qf8+ 1-0

[Event "AUTO-OPEN-4595"]
[Site "http://www.queenalice.com/game.php?id=1868346"]
[Date "2026.1.22"]
[Round "2"]
[White "peonaislado"]
[Black "rockaudrey"]
[Result "0-1"]
[WhiteElo "1731"]
[BlackElo "2295"]

1. e4 c5 2. Nf3 d6 3. d4 cxd4 4. Nxd4 Nf6 5. Nc3 a6 6. Bd3 e6 7. Bg5 Be7 8. O-O
O-O 9. Nf3 Nbd7 10. Re1 b5 11. b4 Bb7 12. Qd2 Qc7 13. Qe3 Qxc3 14. Bxf6 Qxf6 15.
a3 Rac8 16. Rac1 Ne5 17. Be2 Nc4 18. Qd3 d5 19. Qd4 Qxd4 20. Nxd4 Nxa3 21. c3
dxe4 0-1

[Event "AUTO-OPEN-4595"]
[Site "http://www.queenalice.com/game.php?id=1868347"]
[Date "2026.1.22"]
[Round "2"]
[White "rockaudrey"]
[Black "peonaislado"]
[Result "1-0"]
[WhiteElo "2304"]
[BlackElo "1755"]

1. e4 e5 2. Nf3 Nf6 3. Nc3 Nc6 4. d4 exd4 5. Nxd4 d6 6. f3 Bd7 7. g4 h6 8. Be3
Be7 9. h4 O-O 10. Qd2 a5 11. h5 Nxd4 12. Bxd4 Bc6 13. g5 hxg5 14. Qxg5 Nh7 15.
Qxg7# 1-0

[Event "AUTO-OPEN-4595"]
[Site "http://www.queenalice.com/game.php?id=1868348"]
[Date "2026.1.22"]
[Round "2"]
[White "peonaislado"]
[Black "MarcosT"]
[Result "0-1"]
[WhiteElo "1725"]
[BlackElo "2029"]

1. d4 d5 2. c4 c6 3. Nf3 Nf6 4. Nc3 e6 5. e3 Be7 6. Bd3 O-O 7. O-O Nfd7 8. Qc2
f5 9. c5 Nf6 10. h3 Ne4 11. Ne5 Nd7 12. b4 Nxe5 13. dxe5 b6 14. cxb6 axb6 15.
Nxe4 fxe4 16. Be2 Bb7 17. Bb2 Bxb4 18. a3 Be7 19. Bd4 c5 20. Bb2 d4 21. exd4
cxd4 22. Bg4 Qd5 23. Qc7 e3 24. Qxb7 Qxb7 0-1

[Event "AUTO-OPEN-4595"]
[Site "http://www.queenalice.com/game.php?id=1868349"]
[Date "2026.1.22"]
[Round "2"]
[White "MarcosT"]
[Black "peonaislado"]
[Result "1-0"]
[WhiteElo "2025"]
[BlackElo "1729"]

1. d4 d5 2. e3 Nf6 3. Nd2 e6 4. f4 Bb4 5. c3 Ba5 6. Bd3 Nc6 7. Ngf3 O-O 8. O-O
a6 9. Ng5 h6 10. b4 Bb6 11. Nh3 Re8 12. Nf2 Ba7 13. g4 e5 14. fxe5 Ne4 15. Ndxe4
dxe4 16. Bxe4 Ne7 17. Bb2 Ng6 18. Nd3 Qg5 19. Qf3 f5 20. Bd5+ Kh7 21. Rf2 Nh4
22. Qf4 fxg4 23. Be4+ g6 24. Qf7+ 1-0